Voos com origem no Rio de Janeiro (GIG) - Statistics

Estatísticas Gerais
  • Esse quiz foi jogado 45 vezes
  • A pontuação média é 39 de 53
Estatísticas das Respostas
Cia aérea Destino % Correto
Aerolíneas Argentinas, Flybondi, Gol Buenos Aires-Aeroparque
100%
Aerolíneas Argentinas, British Airways, Emirates, Flybondi, Gol, JetSmart, LATAM Buenos Aires-Ezeiza
100%
Gol, LATAM Brasília
97%
TAP Porto
97%
Gol, LATAM São Paulo-Guarulhos
97%
Azul, Gol Curitiba
95%
TAP Lisboa
95%
British Airways Londres-Heathrow
95%
Air France Paris-Charles de Gaulle
95%
Gol, Voepass São Paulo-Congonhas
95%
Gol, LATAM Florianópolis
92%
American Airlines, Delta Air Lines Nova York-JFK
92%
Azul, Gol, LATAM Porto Alegre
92%
Azul, Gol, LATAM Salvador
89%
Azul, Gol Belo Horizonte-Confins
86%
Azul, Gol Campinas
86%
Iberia Madri
86%
Gol, LATAM Manaus
86%
JetSmart, LATAM, Sky Airline Santiago
86%
Gol, LATAM Vitória
86%
Avianca Bogotá
84%
American Airlines Miami
84%
Gol Belém
81%
Gol Cuiabá
81%
Gol, LATAM Natal
81%
ITA Airways Roma-Fiumicino
81%
Gol, LATAM Fortaleza
78%
Gol Goiânia
78%
Gol, LATAM João Pessoa
78%
Azul, Gol, LATAM Recife
78%
LATAM Lima
76%
KLM Amsterdã
73%
Paranair Assunção
73%
Emirates Dubai
73%
Gol Campo Grande
70%
Gol, JetSmart, Sky Airline Montevidéu
70%
Gol, LATAM São Luís
68%
Gol Aracaju
65%
Copa Airlines Cidade do Panamá-Tocumen
65%
Lufthansa Frankfurt
65%
Azul, Gol Maceió
65%
Delta Air Lines Atlanta
59%
American Airlines Dallas/Fort Worth
57%
Aerolíneas Argentinas, Gol Córdoba
54%
Gol, LATAM Foz do Iguaçu
54%
United Airlines Houston-George Bush
49%
Aerolíneas Argentinas Mendoza
49%
Gol Navegantes
43%
Azul, Gol, LATAM Porto Seguro
43%
Aerolíneas Argentinas, Gol Rosario
43%
Gol, LATAM Caxias do Sul
14%
Gol São José dos Campos
14%
Azul Campina Grande
11%
Nenhum quiz correspondente encontrado
Distribuição das Pontuações
Porcentagem de Pessoas com Cada Pontuação
Percentil de Números Respondidos
Sua Pontuação Histórica
Você não jogou esse quiz